Mergers & acquisitions and partnerships in China
This book provides an in-depth analysis of mergers, acquisitions, and strategic partnerships in the business world. It explores the financial, managerial, and legal aspects of corporate restructuring, with a particular focus on strategies for growth, value creation, and integration. Through real-wor...
Spremljeno u:
| Glavni autor: | |
|---|---|
| Daljnji autori: | |
| Format: | Knjiga |
| Jezik: | Vietnamese |
| Izdano: |
Singapore
World Scientific
2015
|
| Teme: | |
| Oznake: |
Dodaj oznaku
Bez oznaka, Budi prvi tko označuje ovaj zapis!
|
| Thư viện lưu trữ: | Thư viện Trường Đại học Nam Cần Thơ |
|---|
| LEADER | 01278nam a22002177a 4500 | ||
|---|---|---|---|
| 001 | NCT_4_027513 | ||
| 008 | 251023b xxu||||| |||| 00| 0 vie d | ||
| 999 | |c 9370 |d 9370 | ||
| 020 | |a 9789814641029 | ||
| 082 | 0 | 4 | |2 23rd ed. |a 658.1 |b C652 |
| 100 | 1 | |a Coispeau, Olivier | |
| 245 | 1 | 0 | |a Mergers & acquisitions and partnerships in China |c Olivier Coispeau, Stéphane Luo |
| 260 | |a Singapore |b World Scientific |c 2015 | ||
| 300 | |a xxvii, 311 p. |b ill. |c 24 cm | ||
| 504 | |a Includes bibliographical references and index | ||
| 520 | 3 | |a This book provides an in-depth analysis of mergers, acquisitions, and strategic partnerships in the business world. It explores the financial, managerial, and legal aspects of corporate restructuring, with a particular focus on strategies for growth, value creation, and integration. Through real-world examples and case studies, the author offers practical insights into how companies can achieve successful partnerships and sustainable competitive advantage. | |
| 653 | |a Quản trị kinh doanh | ||
| 700 | 1 | |a Luo, Stéphane | |
| 942 | |2 ddc |c BK | ||
| 952 | |0 0 |1 0 |2 ddc |4 0 |6 658_100000000000000_C652 |7 0 |9 31506 |a 000001 |b 000001 |d 2025-10-25 |o 658.1 C652 |p MD.24518 |r 2025-10-25 |w 2025-10-25 |y BK | ||
| 980 | |a Thư viện Trường Đại học Nam Cần Thơ | ||


